Statistics for Demi Lovato - Title in the Lyrics

Click here to take the quiz!

General Stats

  • This quiz has been taken 467 times
  • The average score is 7 of 15

Answer Stats

Hint Answer % Correct
I will be rising from the ground like a _________Skyscraper
87%
Don't want to break your heart, wanna ___ ___ ___ _ ___Give Your Heart A Break
86%
This is real, ___ _ __, this is exactly where I'm supposed to beThis Is Me
83%
We'll be burning up like __ ____Neon Lights
70%
I'm a ______, now I've got thicker skinWarrior
63%
You can take your words and all your lies, I, I, I, I ____ ___'_ ___Really Don't Care
51%
You never really can __ _ ____Fix A Heart
44%
We all can sing this song _______Together
40%
___ __ __, can't hold it back anymoreLet It Go
32%
You're a _______ but I wouldn't love you if you changedTrainwreck
30%
__ ____, you're looking in the mirror one dayIn Case
25%
So please don't ____ __Catch Me
20%
I just wanna ______ __ __Believe In Me
11%
____ ___'_ ____, I'll have to find a way to fill this hole insideUntil You're Mine
8%
__ ___, __ ___, get with itSo Far, So Great
5%

Score Distribution

Percentile by Number Answered

Percent of People with Each Score

Your Score History

You have not taken this quiz